A dictionary of biology. (رقم التسجيلة. 32619)
[ عرض عادي ]
| 000 -الفاتح | |
|---|---|
| حقل البيانات ثابتة الطول | 00830cam a22002774a 4500 |
| 001 - رقم الضبط | |
| رقم الضبط | 15297415 |
| 003 - محدد رقم الضبط | |
| رقم الضبط | OSt |
| 005 - وقت وتاريخ اخر تعامل مع التسجيلة | |
| رقم الضبط | 20150408114158.0 |
| 008 - عناصر البيانات ثابتة الطول - معلومات عامة | |
| حقل البيانات ثابتة الطول | 080520s2008 enka d 000 0 eng |
| 010 ## - رقم ضبط مكتبة الكونجرس | |
| رقم ضبط مكتبة الكونجرس | 2008273635 |
| 020 ## - الرقم الدولى المعيارى للكتب | |
| الرقم الدولى المعيارى للكتاب | 9780199204625 |
| 040 ## - مصدر الفهرسة | |
| وكالة الفهرسة الأصلية | DLC |
| وكالة النسخ | DLC |
| 050 00 - رقم طلب مكتبة الكونجرس | |
| رقم التصنيف | QH302.5 |
| رقم المادة | .D54 2008 |
| 082 00 - رقم تصنيف ديوى العشرى | |
| رقم التصنيف | 570.3 |
| رقم الطبعة | 22 |
| رقم المادة | DIB |
| 245 02 - بيان العنوان | |
| العنوان | A dictionary of biology. |
| 246 30 - العنوان الموازى | |
| عنوان صحيح/عنوان مختصر | Biology |
| 250 ## - بيان الطبعة | |
| بيان الطبعة | 6th ed. |
| 260 ## - PUBLICATION, DISTRIBUTION, ETC. (IMPRINT) | |
| مكان الناشر او الموزع | Oxford ; |
| -- | New York : |
| اسم الناشر او الموزع | Oxford University Press, |
| تاريخ النشر أو التوزيع | 2008. |
| 300 ## - الوصف المادى | |
| التعداد | 717 p. : |
| تفاصيل ماديه اخرى للوعاء | ill. ; |
| أبعاد الوعاء | 20 cm. |
| 490 0# - بيان السلسلة | |
| عنوان السلسلة | Oxford paperback reference |
| 650 #0 - المدخل الاضافى بالموضوع-مصطلح موضوعى | |
| مصطلح موضوعي أو اسم جغرافي كعنصر مدخل | Biology |
| التقسيم الفرعي الشكلي | Dictionaries. |
| 9 (RLIN) | 10709 |
| 710 2# - المدخل الاضافى - اسم هيئه | |
| اسم الهيئة أو اسم السلطة كمدخل | Oxford University Press. |
| 9 (RLIN) | 6806 |
| 906 ## - عنصر بيانات محلى F, LDF (RLIN) | |
| a | 7 |
| b | cbc |
| c | origcop |
| d | 2 |
| e | ncip |
| f | 20 |
| g | y-gencatlg |
| 942 ## - عناصر المدخل الإضافي( كوها) | |
| مصدر التصنيف او مخطط الترفيف | Dewey Decimal Classification |
| Koha [default] item type | كتاب |
| حالة الفقد | نموذج السعر الفعال | حالة تلف | ليس للاعارة | رقم الطلب | تاريخ الاكتساب | الموقع الحالي | الباركود | الفرع الرئيسي | Date last seen | نوع المادة فى نظام كوها | مصدر التصنيف او خطة الترفيف | Total Checkouts |
|---|---|---|---|---|---|---|---|---|---|---|---|---|
| 2013-12-13 | 570.3 DIB | 2013-12-13 | المكتبة المركزية بالمجمعة (CL) | 00453353 | المكتبة المركزية بالمجمعة (CL) | 2013-12-13 | كتاب | Dewey Decimal Classification | ||||
| 2013-12-13 | 570.3 DIB | 2013-12-13 | المكتبة المركزية بالمجمعة (CL) | 00453354 | المكتبة المركزية بالمجمعة (CL) | 2013-12-13 | كتاب | Dewey Decimal Classification | ||||
| 2013-12-13 | 570.3 DIB | 2013-12-13 | المكتبة المركزية بالمجمعة (CL) | 00453355 | المكتبة المركزية بالمجمعة (CL) | 2013-12-13 | كتاب | Dewey Decimal Classification | ||||
| 2013-12-13 | 570.3 DIB | 2013-12-13 | مكتبة مجمع الكليات بالزلفى - طلاب (SZM) | 00453356 | مكتبة مجمع الكليات بالزلفى - طلاب (SZM) | 2013-12-13 | كتاب | Dewey Decimal Classification | ||||
| 2013-12-13 | 570.3 DIB | 2013-12-13 | مكتبة مجمع الكليات بالزلفى - طلاب (SZM) | 00453357 | مكتبة مجمع الكليات بالزلفى - طلاب (SZM) | 2013-12-13 | كتاب | Dewey Decimal Classification | ||||
| 2013-12-13 | 570.3 DIB | 2013-12-13 | مكتبة مجمع الكليات بالزلفى - طلاب (SZM) | 00453358 | مكتبة مجمع الكليات بالزلفى - طلاب (SZM) | 2013-12-13 | كتاب | Dewey Decimal Classification |
